Представление документа в формате MARC21

ПолеНазваниеЗначение
  Тип записи a
  Библиографический уровень m
001 Контрольный номер 1e9f520f26d24b7e8dba6c6f83717efb
005 Дата корректировки 20260406112721.9
020 Индекс ISBN __
a ISBN 978-5-00229-207-3
c Цена, тираж 35-34
040 Источник каталогиз. __
b Код языка каталог. rus
e Правила каталог. PSBO
a Служба первич. каталог. СЕГ
041 Код языка издания 0_
a Код языка текста rus
084 Индекс другой классификации/Индекс ББК __
a Индекс другой классификации/Индекс ББК Х621.163.1я73
090 Шифры __
a Полочн. индекс Х621.163.1
c Каталожный индекс Х621.163.1я73
x Авторский знак З-28
100 Автор 1_
a Автор Занина Т. М.
245 Заглавие 10
a Заглавие Теоретико-правовые и организационные основы исполнения государственной функции по обеспечению безопасности дорожного движения
h Физич. носитель Текст
b Продолж. заглавия монография
c Ответственность Воронежский институт МВД России
260 Выходные данные __
a Место издания Воронеж
b Издательство ВИ МВД России
c Дата издания 2025
300 Физическое описание __
a Объем 117 с.
336 Вид содержания __
a Термин вида содержания Текст
337 Средство доступа __
a Термин типа средства непосредственный
504 Библиография __
a Библиография Библиогр.: с. 91-117
650 Тематические рубрики 14
a Основная рубрика РОССИЙСКОЕ АДМИНИСТРАТИВНОЕ ПРАВО
x Основная подрубрика ОРГАНИЗАЦИЯ И ДЕЯТЕЛЬНОСТЬ ПОЛИЦИИ
653 Ключевые слова 1_
a Ключевые слова БЕЗОПАСНОСТЬ ДОРОЖНОГО ДВИЖЕНИЯ; ОБЕСПЕЧЕНИЕ; ГОСУДАРСТВЕННАЯ ФУНКЦИЯ; ОРГАНИЗАЦИОННЫЕ ОСНОВЫ; ТЕОРЕТИКО-ПРАВОВЫЕ АСПЕКТЫ; НОРМАТИВНО-ПРАВОВАЯ БАЗА; НОРМАТИВНО-ТЕХНИЧЕСКОЕ РЕГУЛИРОВАНИЕ; ЗАРУБЕЖНЫЙ ОПЫТ; ГОСУДАРСТВЕННЫЙ КОНТРОЛЬ; АДМИНИСТРАТИВНЫЙ КОНТРОЛЬ
700 Другие авторы 12
a Другие авторы Верзилин С. В.
901 Тип документа __
t Тип документа m
905 Дата создания записи __
a Дата создания записи 20260406
952 Тип литературы __
c Вид литературы научная